MARC details
| 000 -CABECERA |
| campo de control de longitud fija |
00844nam a2200217 a 4500 |
| 001 - NÚMERO DE CONTROL |
| campo de control |
000018023 |
| 005 - FECHA Y HORA DE LA ÚLTIMA TRANSACCIÓN |
| campo de control |
20200929165324.0 |
| 008 - DATOS DE LONGITUD FIJA--INFORMACIÓN GENERAL |
| campo de control de longitud fija |
870722s1985 pr a b 001 mdspa d |
| 020 ## - NÚMERO INTERNACIONAL ESTÁNDAR DEL LIBRO |
| Número Internacional Estándar del Libro |
0865813752 |
| 040 ## - FUENTE DE LA CATALOGACIÓN |
| Centro catalogador/agencia de origen |
DO-SdBNP |
| Centro/agencia transcriptor |
DLC |
| Centro/agencia modificador |
DLC |
| -- |
BNPHU |
| 082 ## - NÚMERO DE LA CLASIFICACIÓN DECIMAL DEWEY |
| Número de clasificación |
nnnn |
| Número de documento/Ítem |
A776s |
| 049 ## - FONDOS LOCALES (OCLC) |
| Fondos de biblioteca |
BNGR |
| 100 1# - ENTRADA PRINCIPAL--NOMBRE DE PERSONA |
| Nombre de persona |
Arrillaga, María, |
| Fechas asociadas al nombre |
1940- |
| 9 (RLIN) |
14084 |
| 245 14 - MENCIÓN DE TÍTULO |
| Título |
Los silencios de María Bibiana Benítez / |
| Mención de responsabilidad, etc. |
María Arrillaga. |
| 260 ## - PUBLICACIÓN, DISTRIBUCIÓN, ETC. |
| Lugar de publicación, distribución, etc. |
San Juan de Puerto Rico : |
| Nombre del editor, distribuidor, etc. |
Instituto de Cultura Puertorriquena, |
| Fecha de publicación, distribución, etc. |
1985. |
| 300 ## - DESCRIPCIÓN FÍSICA |
| Extensión |
70 p. : |
| Otras características físicas |
il. ; |
| Dimensiones |
22 cm. |
| Material acompañante/anejo |
(Santo Domingo : |
| Tipo de unidad |
Editora Corripio) |
| 504 ## - NOTA DE BIBLIOGRAFÍA, ETC. |
| Nota de bibliografía, etc. |
Bibliografía: p. [59]-60. |
| 504 ## - NOTA DE BIBLIOGRAFÍA, ETC. |
| Nota de bibliografía, etc. |
Incluye índice y notas bibliográficas al pie de las páginas. |
| 586 ## - NOTA DE PREMIOS |
| Nota de premios |
Primer premio 1983, Instituto Comercial de Puerto Rico, Recinto de Mayagüez. |
| 600 10 - PUNTO DE ACCESO ADICIONAL DE MATERIA--NOMBRE DE PERSONA |
| Nombre de persona |
Benítez, María Bibiana, |
| Fechas asociadas al nombre |
1783-1873 |
| 9 (RLIN) |
39073 |